| 000 | 00886nam a2200217Ii 4500 | ||
|---|---|---|---|
| 003 | JO-AjNU | ||
| 008 | 230605s9999||||xx |||||||||||||| ||und|| | ||
| 017 | _a2015/10/5232 | ||
| 040 |
_aJO-AjNU _bara _erda _cJO-AjNU |
||
| 041 | _aara | ||
| 050 | 1 | 4 | _aHG3368.A6.J353 2017 |
| 100 | 3 |
_aالحجاوي، طلال محمد علي،م. مشارك نهله عبيس طلال الشمري , _eauthor _961578 |
|
| 245 | 0 | 0 | _aمعايير المحاسبة والمراجعة للمؤسسات المالية الإسلامية وتطبيقاتها في المصارف الإسلامية |
| 250 | _aط1 | ||
| 264 | 3 | 1 | _aعمان: دار الايام للنشر والتوزيع، 2017 |
| 300 | _a302ص | ||
| 336 |
_atext _btxt _2rdacontent |
||
| 337 |
_aunmediated _bn _2rdamedia |
||
| 338 |
_avolume _bnc _2rdacarrier |
||
| 650 | 4 |
_aالبنوك الاسلاميه- المحاسبة _961579 |
|
| 999 |
_aA27841 _c31409 _d31409 |
||